| 000 | 00445ntaaa2200181 4500 | ||
|---|---|---|---|
| 003 | 01 | ||
| 005 | 20251027202920.0 | ||
| 008 | 0714s1973 ag 01 | ||
| 040 |
_aAR-BaBN _bspa _cAR-BaBN _eaacr _dRIC |
||
| 082 | _a922.0000 R42 | ||
| 100 |
_aRico Avila, José María _910474 |
||
| 245 | _aComenzo la vida | ||
| 250 | _a1 ed. | ||
| 260 |
_aCochabamba : _bImprenta Atlantic, _cc1957 |
||
| 300 | _a275 p | ||
| 650 |
_abiografía _91311 |
||
| 942 | _cBK | ||
| 999 |
_c24393 _d24393 |
||